|
|
|
|
| LEADER |
00000nam a22000007a 4500 |
| 005 |
20191014231130.0 |
| 007 |
cr|||| |||| |
| 008 |
191014s2017 br |||||s|||| 00||0 por d |
| 020 |
|
|
|a 978-85-69220-33-6
|
| 035 |
|
|
|a 30553
|
| 040 |
|
|
|a vLex
|
| 090 |
|
|
|c 9801
|d 9801
|
| 100 |
1 |
|
|a Cassagne, Juan Carlos
|
| 245 |
1 |
2 |
|a Os grandes princp̕ios do direito pb︢lico
|h [Recurso electrn̤ico] :
|b constitucional e administrativo /
|c Juan Carlos Cassagne
|
| 256 |
|
|
|a Servicio en ln̕ea
|
| 260 |
|
|
|a San Pablo:
|b Editora ContraCorrente,
|c 2017
|
| 300 |
|
|
|a 1 recurso electrn̤ico
|
| 500 |
|
|
|a "A EDITORA CONTRACORRENTE presenteia a leitora e o leitor com a ediȯ̂ em portugus̊ de uma das grandes obras do Direito Pb︢lico latino-americano, por meio da qual se comprova nô s ̤o brilhantismo e a cultura jurd̕ica do PROF. JUAN CARLOS CASSAGNE, senô que tambm̌ a sua inquietude intelectual. Com admirv̀el coragem, o autor enfrenta dogmas que, malgrado absolutamente incompatv̕eis com o Estado Democrt̀ico de Direito, grande parte da doutrina, por comodismo ou tibieza, insiste em sustentar. Trata-se, induvidosamente, de leitura obrigatr̤ia a todos os cultores do Direito, notadamente do Direito Pb︢lico."
|
| 506 |
1 |
|
|a Disponible solo en los productos indicados
|d vLex Global
|d vLex Global (Academic Edition, excluding Law Schools)
|d vLex Global (U.S. Academic Edition, Law Schools)
|d vLex Global (U.S. Academic Edition, excluding Law Schools)
|d vLex Global (Academic Edition, Law Schools)
|
| 650 |
0 |
4 |
|a Derecho Pb︢lico y Administrativo
|z Brasil
|
| 650 |
0 |
4 |
|a Derecho Constitucional
|z Brasil
|
| 740 |
0 |
|
|a vLex Libros (Servicio en ln̕ea)
|
| 856 |
4 |
0 |
|u http://vlex.com/source/grandes-principios-do-direito-publico-constitucional-e-administrativo-30553
|z Acceso restringido
|
| 942 |
|
|
|c BOOK
|
| 999 |
0 |
|
|a Public and Administrative Law
|
| 999 |
0 |
|
|a Constitutional Law
|